| 000 | 00876cab a2200241 4500 | ||
|---|---|---|---|
| 001 | WB3143-15 | ||
| 008 | 090401t1995 xxu||||| |||| 00| 0 eng d | ||
| 035 | _a(Sirsi) u28640 | ||
| 041 | _aeng | ||
| 245 | _aVesting order on listed building | ||
| 260 | _c1995 | ||
| 350 | _a0 | ||
| 490 |
_aEstates Gazette Case Summaries _v(1995) EGCS 167(1) (11/11/95) |
||
| 520 | _a"Hackney LBC v Crown Estate Commissioners and another" ChD 31 October 1995. Vesting order sought by council responsible for renovation of derelict listed building. Council appeal allowed on grounds of sufficient interest. | ||
| 650 | _aHACKNEY LBC | ||
| 650 | _aLISTED BUILDING | ||
| 650 | _aNATIONAL WESTMINSTER BANK | ||
| 650 | _aPLANNING (LISTED BUILDINGS AND CONSERVATION AREAS) ACT 1990 | ||
| 650 | _aVESTING ORDER | ||
| 690 | _aCONSERVATION-CASE LAW | ||
| 942 | _n0 | ||
| 948 | _c04/03/1997 | ||
| 999 |
_c19258 _d19258 |
||